000 00811nam a2200265 i 4500
001 59098
003 ES-MaACL
005 20250807210238.0
007 t|
008 031027s1978 sp ||||1| spa d
020 _a84-7112-083-6
080 _a612.62
100 1 _aEicher, W.
_946805
245 1 0 _aSexualidad normal y patológica en la mujer /
_cpor W. Wicher ; prólogo de Fred Kubli ; versión por Alfredo Guera Miralles.
260 _aMadrid :
_bMorata,
_c[1978]
300 _a351 p. :
_bil. ;
_c21 cm.
490 1 _aSexología
504 _aBibliografía: p. 295-345.
650 4 _aMujeres-
_xConducta sexual
_915259
700 1 _aGuera Miralles, Alfredo.
_960449
700 1 _aKubli, Fred.
_968942
830 1 _aSexología
_9187207
852 4 _aES-MaACL
_jA-8856
999 _c59098
_d59098